[Event "SRB-ch U16 Girls"]
[Site "Subotica"]
[Date "2021.05.07"]
[Round "6"]
[White "Petrovic, Julija"]
[Black "Carevic, Milica"]
[Result "0-1"]
[WhiteElo "1373"]
[BlackElo "1640"]
[PlyCount "58"]
[EventDate "2021.05.03"]
[EventType "tourn"]
[EventRounds "9"]
[EventCountry "SRB"]
[SourceTitle "EXT 2022"]
[Source "ChessBase"]
[SourceDate "2021.10.06"]
[SourceVersion "1"]
[SourceVersionDate "2021.10.06"]
[SourceQuality "1"]

1. d4 Nf6 2. c4 e6 3. Nc3 Bb4 4. Nf3 b6 5. Bg5 Bb7 6. e3 0-0 7. Be2 d6 8. a3 Bxc3+ 9. bxc3 Nbd7 10. 0-0 h6 11. Bh4 Qe7 12. Qc2 Rfe8 13. Rfd1 Rac8 14. a4 a5 15. Rab1 Be4 16. Bd3 Bxf3 17. gxf3 Kh8 18. d5 Ne5 19. Qe2 g5 20. Bg3 exd5 21. Bf5 Rcd8 22. cxd5 Nh5 23. f4 Nxg3 24. fxg3 Ng6 25. Re1 gxf4 26. gxf4 Nxf4 27. Qf3 Qg5+ 28. Qg3 Qxf5 29. exf4 Rg8 0-1

[Event "SRB-ch U16 Girls"]
[Site "Subotica"]
[Date "2021.05.04"]
[Round "2"]
[White "Petrovic, Julija"]
[Black "Dinic, Andjela"]
[Result "1/2-1/2"]
[WhiteElo "1373"]
[BlackElo "1646"]
[PlyCount "28"]
[EventDate "2021.05.03"]
[EventType "tourn"]
[EventRounds "9"]
[EventCountry "SRB"]
[SourceTitle "EXT 2022"]
[Source "ChessBase"]
[SourceDate "2021.10.06"]
[SourceVersion "1"]
[SourceVersionDate "2021.10.06"]
[SourceQuality "1"]

1. d4 d5 2. Nf3 Bf5 3. c4 e6 4. Nc3 Nf6 5. Bg5 c6 6. e3 Be7 7. Be2 dxc4 8. Bxc4 0-0 9. 0-0 h6 10. Bh4 Bg4 11. Be2 Nbd7 12. Qc2 Nd5 13. Bxe7 Qxe7 14. Rfd1 N7f6 1/2-1/2

[Event "SRB-ch U14 Girls"]
[Site "Kragujevac"]
[Date "2019.05.03"]
[Round "6"]
[White "Carevic, Milica"]
[Black "Petrovic, Julija"]
[Result "1/2-1/2"]
[WhiteElo "1526"]
[BlackElo "1212"]
[PlyCount "59"]
[EventDate "2019.04.29"]
[EventType "swiss"]
[EventRounds "9"]
[EventCountry "SRB"]
[SourceTitle "EXT 2022"]
[Source "ChessBase"]
[SourceDate "2021.10.06"]
[SourceVersion "1"]
[SourceVersionDate "2021.10.06"]
[SourceQuality "1"]

1. e4 c5 2. Nf3 e6 3. c4 b6 4. d4 cxd4 5. Nxd4 d6 6. Nc3 Bb7 7. Be3 Nf6 8. Bd3 Be7 9. 0-0 Nbd7 10. f3 Qc7 11. Rc1 a6 12. Qe2 0-0 13. Kh1 Rac8 14. b3 Rfe8 15. Rfd1 Qb8 16. Qf2 Bd8 17. Nde2 Bc7 18. Bf4 Nh5 19. Bg3 Ndf6 20. Bb1 Nxg3+ 21. Nxg3 d5 22. exd5 Bxg3 23. Qxg3 Qxg3 24. hxg3 exd5 25. Nxd5 Bxd5 26. cxd5 Rxc1 27. Rxc1 Nxd5 28. Be4 Nf6 29. Bd3 a5 30. Rg1 1/2-1/2